000 00832nab a2200265 u 4500
001 21484
003 HDC
007 cr bn ---aaaaa
008 210309c mydr|nes 0 a eng d
040 _aHDC
100 _aAzmi Abdul Malek
_eauthor
_99347
245 0 _aMenu Melayu di Jepun /
_cby Azmi Abdul Malek
260 _aMalaysia :
_bBERITA HARIAN,
_c2015
300 _a1pages
336 _atext
_2rdacontent
337 _acomputer
_2rdamedia
338 _aonline resource
_2rdacarrier
650 _afood industry
_9536
650 _atourism sector
_96778
710 _aBERITA HARIAN
856 _zRequest full-text at [email protected]
942 _2lcc
942 _cNEWS
942 _kNWSC 010442
999 _c18800
_d18800